1846 1193 1871 1953 1665 1618 1788 1558 1230 1859 1042 1051 1926 1599 1898 1888 1578 1792 1593 1161 1103 1616 1709 1796 1352 1034 1250 1074 1771 1244 1305 1412 1213 1331 1948 1064 1271 1943 1854 1921 1393 1601 1042 1820 1349 1482 1195 1538 1098 1214 1361 1096 1959 1614 1778 1017 1491 1814 1293 1347 1697 1297 1723 1300 1703 1867 1793 1698 1002 1562 1847 1951 1197 1872 1397 1132 1047 1986 1264 1592 1799 1032 1422 1342 1041 1205 1484 1227 1921 1172 1316 1411 1734 1134 1682 1966 1184 1072 1728 BCNSPRNW ULIB Ver.6.0+V

เปลี่ยนเป็นภาษาไทย

Change to English
 แสดงรายละเอียดบรรณานุกรม
  กลับหน้าหลัก

Brief Record : Get Marc (ISO 2709) : E-mail record : QR code < ปิดหน้าต่าง
LEADER : 00000nam 2200000uu 4500
001    13399121693
003     ULIB
008    121129s2549||||th 000 0 tha d
020    ^a9749346734
060  4 ^aWS100^bห177ร
100 0  ^aหมอหนุ่ย
245 10 ^aโรคภัยใกล้ตัวเด็ก อย่าหาว่าไม่เตือน!!! /^cหมอหนุ่ย ; [บรรณาธิการ จันทร์ฉาย คุมพล]
260    ^aกรุงเทพฯ :^bปาเจรา,^c2549
300    ^a246 หน้า :^bภาพประกอบ
500    ^aชื่อเรื่องจากปกนอก
650  4 ^aเด็ก^xโรค^xการป้องกัน
700 0  ^aจันทร์ฉาย คุมพล,^eบรรณาธิการ
945    ^p190^l0^i16472
995    ^aวิภา
999 ^a ใช้งานได้ทุกระบบ
รายการนี้ยังไม่มีแท็ก
คุณยังไม่ได้ล็อกอิน คุณสามารถมีกิจกรรมร่วมกับเว็บไซต์ได้ แต่ต้องล็อกอินก่อน ::
  ล็อกอิน

รายการสื่อสารสนเทศ

ลำดับที่ ประเภท เลขเรียก/บาร์โค้ด สถานที่ สถานะ
1. วิทยาศาสตร์การแพทย์ และสุขภาพ
วิทยาศาสตร์การแพทย์ และสุขภาพ
WS100 ห177ร  
  Barcode: 16472
ห้องสมุดวิทยาเขตสวรรค์ประชารักษ์
►หนังสือทั่วไป
บนชั้น

BibComment


ยังไม่เคยถูกคอมเมนท์

คอมเมนท์ทรัพยากรรายการนี้
  คอมเมนท์: โรคภัยใกล้ตัวเด็..


 Copyright 2026. Bcnsprnw @Library